| Tag |
First Indicator |
Second Indicator |
Subfields |
| LEADER |
00000cam a2200000 a 4500 |
| 001 |
in00000008957 |
| 005 |
20151007051441.0 |
| 008 |
861029s1987 enk b 00110 eng |
| 010 |
|
|
|a 86028402
|
| 020 |
|
|
|a 0631137467 :
|c $34.95
|
| 035 |
|
|
|a (OCoLC)14719123
|
| 035 |
|
|
|9 AAA3026AM
|
| 040 |
|
|
|a DLC
|c DLC
|d TXA
|d UtOrBLW
|
| 043 |
|
|
|a ew-----
|
| 049 |
|
|
|a TXAM
|c [A12628324]
|
| 050 |
0 |
0 |
|a HN380.P6
|b M66 1987
|
| 082 |
0 |
|
|a 323.1/4
|2 19
|
| 100 |
1 |
|
|a Moore, R. I.
|q (Robert Ian),
|d 1941-
|
| 245 |
1 |
4 |
|a The formation of a persecuting society :
|b power and deviance in Western Europe, 950-1250 /
|c R.I. Moore.
|
| 264 |
|
1 |
|a Oxford, UK ;
|a New York, NY, USA :
|b B. Blackwell,
|c 1987.
|
| 300 |
|
|
|a viii, 168 pages ;
|c 24 cm.
|
| 336 |
|
|
|a text
|b txt
|2 rdacontent
|
| 337 |
|
|
|a unmediated
|b n
|2 rdamedia
|
| 338 |
|
|
|a volume
|b nc
|2 rdacarrier
|
| 504 |
|
|
|a Bibliography: pages [154]-157.
|
| 500 |
|
|
|a Includes index.
|
| 650 |
|
0 |
|a Power (Social sciences)
|x History.
|
| 651 |
|
0 |
|a Europe
|x Social conditions
|y To 1492.
|
| 650 |
|
0 |
|a Persecution
|z Europe
|x History.
|
| 650 |
|
0 |
|a Deviant behavior
|x History.
|
| 999 |
|
|
|a MARS
|
| 999 |
f |
f |
|s 16b6b582-df66-3fae-b3f1-9d075f14c53f
|i 8763771b-3a7d-393e-90bf-32682ab92f34
|t 0
|
| 952 |
f |
f |
|p ric
|a Texas A&M University
|b Rellis Campus
|c Joint Library Facility
|d Remote Storage
|t 0
|e HN380.P6 M66 1987
|h Library of Congress classification
|i unmediated -- volume
|m A14812628324
|
| 998 |
f |
f |
|a HN380.P6 M66 1987
|t 0
|l Remote Storage
|